| 000 | 00000nam 2200000zi 4500 |
| 001 | 9.945488 |
| 003 | CaOODSP |
| 005 | 20241125103514 |
| 006 | m o d f |
| 007 | cr |n||||||||| |
| 008 | 241125e198711 onc o f000 0|eng d |
| 020 | |z0662554 |
| 040 | |aCaOODSP|beng|erda|cCaOODSP |
| 043 | |an-cn-qu |
| 086 | 1 |aC2-98/1-1987E-PDF|zC2-98/1-1987 |
| 245 | 00|aDevelopment of a metropolis : |bthe government's response to the report of the Consultative Committee on the Development of the Montreal Region. |
| 264 | 1|a[Ottawa] : |bGovernment of Canada = Gouvernement du Canada, |cNovember 1987. |
| 264 | 4|a©1987 |
| 300 | |a1 online resource (14 pages) |
| 336 | |atext|btxt|2rdacontent |
| 337 | |acomputer|bc|2rdamedia |
| 338 | |aonline resource|bcr|2rdacarrier |
| 500 | |aDigitized edition from print [produced by Government of Canada Publications Directorate]. |
| 500 | |aIssued also in French under title: Pour le développement d'une métropole : réponse du gouvernement au rapport du Comité consultatif sur le développement de la région de Montréal. |
| 651 | 0|aMontréal (Québec)|xEconomic conditions. |
| 651 | 0|aMontréal (Québec)|xEconomic policy. |
| 710 | 1 |aCanada. |bDepartment of Regional Industrial Expansion, |eissuing body. |
| 775 | 08|tPour le développement d'une métropole : |w(CaOODSP)9.945489 |
| 856 | 40|qPDF|s790 KB|uhttps://publications.gc.ca/collections/collection_2024/isde-ised/c2/C2-98-1-1987-eng.pdf |